[Event "Let's Play Chess!"]
[Site "http://www.queenalice.com/game.php?id=1131663"]
[Date "2012.12.16"]
[Round "-"]
[White "Enxadrista_A"]
[Black "Eggchaser"]
[Result "0-1"]
[WhiteElo "1700"]
[BlackElo "1824"]

1. e4 Nf6 2. d4 Nxe4 3. c4 c5 4. Nf3 cxd4 5. Qxd4 Qa5+ 6. Nbd2 Nf6 7. Be2 Nc6 8.
Qd3 d6 9. O-O g6 10. Nb3 Qc7 11. Bf4 Bf5 12. Qe3 Bg7 13. c5 Nd5 14. Qd2 Nxf4 15.
Qxf4 Ne5 16. cxd6 Qxd6 17. Bb5+ Bd7 18. Bxd7+ Nxd7 19. Qxd6 exd6 20. Rfe1+ Ne5
21. Nfd4 O-O 22. Rad1 Rfe8 23. Nc1 Nc4 24. Rxe8+ Rxe8 25. g3 Nxb2 0-1

[Event "AUTO-ADV-2704"]
[Site "http://www.queenalice.com/game.php?id=1131678"]
[Date "2012.12.16"]
[Round "1"]
[White "luizantoniosetti"]
[Black "Enxadrista_A"]
[Result "1-0"]
[WhiteElo "1926"]
[BlackElo "1576"]

1. e4 c5 2. Nf3 d6 3. d3 Nc6 4. g3 Nf6 5. Bg2 g6 6. O-O Bg7 7. Re1 O-O 8. c3 Bd7
9. d4 cxd4 10. cxd4 Rc8 11. Nc3 1-0

[Event "AUTO-ADV-2704"]
[Site "http://www.queenalice.com/game.php?id=1131679"]
[Date "2012.12.16"]
[Round "1"]
[White "Enxadrista_A"]
[Black "luizantoniosetti"]
[Result "0-1"]
[WhiteElo "1574"]
[BlackElo "1928"]

1. e4 e6 2. d4 d5 3. e5 c5 4. Nf3 Nc6 5. Bb5 Bd7 6. Be3 Nxe5 7. Bxd7+ Nxd7 8.
O-O Ne7 9. Ne5 cxd4 10. Bxd4 Nxe5 11. Bxe5 Ng6 0-1

[Event "AUTO-ADV-2704"]
[Site "http://www.queenalice.com/game.php?id=1131692"]
[Date "2012.12.16"]
[Round "1"]
[White "ORIONN"]
[Black "Enxadrista_A"]
[Result "1-0"]
[WhiteElo "1900"]
[BlackElo "1595"]

1. e4 c5 2. Nf3 d6 3. c3 Nc6 4. Bb5 Nf6 5. d3 g6 6. O-O Bg7 7. Re1 O-O 8. h3 a6
9. Ba4 b5 10. Bc2 a5 11. Bf4 Be6 12. Nbd2 b4 13. Rb1 Rb8 14. Bb3 Bxb3 15. axb3
Nd7 16. Qc2 Re8 17. Be3 Nde5 18. d4 Nxf3+ 19. Nxf3 1-0

[Event "AUTO-ADV-2704"]
[Site "http://www.queenalice.com/game.php?id=1131693"]
[Date "2012.12.16"]
[Round "1"]
[White "Enxadrista_A"]
[Black "ORIONN"]
[Result "0-1"]
[WhiteElo "1599"]
[BlackElo "1896"]

1. e4 d5 2. exd5 Nf6 3. c4 c6 4. dxc6 Nxc6 5. Nf3 e5 6. d3 Bd6 7. Nc3 O-O 8. Be2
h6 9. O-O a6 10. Re1 Nd4 11. Nxd4 exd4 12. Na4 Bd7 13. Bf3 Bc6 14. Bxc6 bxc6 15.
Qf3 c5 16. Bf4 Qc7 17. Bxd6 Qxd6 18. h3 Rae8 19. b3 Nd7 0-1

[Event "AUTO-ADV-2704"]
[Site "http://www.queenalice.com/game.php?id=1131702"]
[Date "2012.12.16"]
[Round "1"]
[White "Enxadrista_A"]
[Black "jgfmelo"]
[Result "0-1"]
[WhiteElo "1675"]
[BlackElo "1749"]

1. e4 e5 2. Nf3 d6 3. d4 exd4 4. Nxd4 a6 5. Bc4 Nf6 6. Nc3 b5 7. Bd3 c5 8. Nf5
g6 9. Ng3 Bb7 10. Bg5 h6 11. Bxf6 Qxf6 12. Nd5 Bxd5 13. exd5 Qe5+ 14. Be2 Qxb2
15. O-O Be7 16. Re1 O-O 17. Bh5 gxh5 18. Rxe7 Qf6 19. Re3 h4 20. Ne4 Qg6 21. h3
Nd7 22. g3 hxg3 23. Rxg3 Qxg3+ 24. fxg3 Ne5 25. Qh5 f5 26. Nxd6 Rf6 0-1

[Event "AUTO-ADV-2704"]
[Site "http://www.queenalice.com/game.php?id=1131703"]
[Date "2012.12.16"]
[Round "1"]
[White "jgfmelo"]
[Black "Enxadrista_A"]
[Result "1-0"]
[WhiteElo "1735"]
[BlackElo "1689"]

1. e4 c5 2. Nc3 Nc6 3. a3 Nf6 4. Nf3 d6 5. Bb5 g6 6. Qe2 Bg7 7. Bxc6+ bxc6 8. d3
O-O 9. h4 h5 10. Ng5 e5 11. Be3 Qe7 12. f3 d5 13. exd5 cxd5 14. Bd2 Re8 15.
O-O-O Rb8 16. g4 Bd7 17. gxh5 Nxh5 18. Nxd5 Qd6 19. Rdg1 Qxd5 20. c4 Qb7 21. Bc3
f6 22. Ne4 Qc6 23. Rxg6 Nf4 24. Nxf6+ Qxf6 25. Rxg7+ Qxg7 26. Qe3 1-0

[Event "Let's Play Chess!"]
[Site "http://www.queenalice.com/game.php?id=1211218"]
[Date "2013.8.25"]
[Round "-"]
[White "Reddaz"]
[Black "Enxadrista_A"]
[Result "1-0"]
[WhiteElo "1618"]
[BlackElo "1584"]

1. e4 e5 2. Nf3 Nc6 3. d4 Nxd4 4. Nxd4 exd4 5. Qxd4 c5 6. Qd1 g6 7. Bc4 Bg7 8.
O-O d6 9. Qf3 Nf6 10. Nc3 O-O 11. Bf4 Be6 12. b3 Nh5 13. Rad1 Nxf4 14. Qxf4 Bxc4
15. Rxd6 Qc7 16. bxc4 Rad8 17. Nb5 Qb8 18. Rfd1 1-0

[Event "Let's Play Chess!"]
[Site "http://www.queenalice.com/game.php?id=1211219"]
[Date "2013.8.25"]
[Round "-"]
[White "marreta7"]
[Black "Enxadrista_A"]
[Result "0-1"]
[WhiteElo "1460"]
[BlackElo "1604"]

1. e4 e5 2. Bc4 Nf6 3. d3 c6 4. a3 d5 5. exd5 cxd5 6. Ba2 Bc5 7. h3 O-O 8. Nf3
Nc6 9. O-O Re8 10. Re1 h6 11. Nc3 d4 12. b4 dxc3 13. bxc5 Qa5 14. Be3 Be6 15.
Bxe6 Rxe6 16. Nh4 Nd5 17. Qg4 Rae8 18. Nf5 Rg6 19. Qe2 Rf6 20. Nh4 Rfe6 21. Qg4
Nxe3 22. Rxe3 Qxc5 23. Nf5 Rg6 24. Qh4 Qd5 25. Re4 Kf8 26. a4 Nd4 27. Nxd4 exd4
28. Rxe8+ Kxe8 29. Qe4+ Qxe4 30. dxe4 Ra6 31. g4 b5 32. f4 d3 33. cxd3 b4 34.
Kf2 b3 35. Ke2 b2 36. Rb1 c2 37. Rxb2 c1=Q 38. g5 Qxb2+ 39. Ke3 Rd6 40. gxh6
Qd4+ 41. Kf3 Qxd3+ 42. Kg4 Rg6+ 43. Kh5 Qxh3# 0-1

[Event "Challenge"]
[Site "http://www.queenalice.com/game.php?id=1211220"]
[Date "2013.8.25"]
[Round "-"]
[White "Enxadrista_A"]
[Black "antoniozla"]
[Result "1-0"]
[WhiteElo "1567"]
[BlackElo "1501"]

1. e4 e5 2. Nf3 d6 3. Bc4 Nf6 4. O-O Nc6 5. d3 h6 6. c3 Bg4 7. Qe2 a6 8. d4 exd4
9. Re1 dxc3 10. Nxc3 Be7 11. h3 Bxf3 12. Qxf3 Nd4 13. Qd3 c5 14. Nd5 b5 15.
Nxf6+ Bxf6 16. Bd5 Rc8 17. Be3 c4 18. Qd1 Qb6 19. Kf1 O-O 20. Rc1 Qa5 21. Bxd4
Bxd4 22. Qxd4 Qxa2 23. Ra1 Qb3 24. Rxa6 Qd3+ 25. Qxd3 cxd3 26. Rxd6 Rc2 27. b3
d2 28. Rd1 Rc1 29. Ke2 Rxd1 30. Kxd1 Ra8 31. Bxa8 1-0

[Event "Challenge"]
[Site "http://www.queenalice.com/game.php?id=1211222"]
[Date "2013.8.25"]
[Round "-"]
[White "vivoferreira"]
[Black "Enxadrista_A"]
[Result "0-1"]
[WhiteElo "1664"]
[BlackElo "1617"]

1. c4 c5 2. Nc3 Nc6 3. g3 Nf6 4. Bg2 g6 5. d3 Bg7 6. Bd2 O-O 7. e4 d6 8. Nge2
Bg4 9. h3 Bxe2 10. Nxe2 Nd7 11. Rb1 Nde5 12. Qc2 a6 13. Bf4 Qa5+ 14. Nc3 Nd4 15.
Qc1 Nxd3+ 16. Kd2 Nxc1 17. Rbxc1 b5 18. e5 Rab8 19. exd6 e5 0-1

[Event "Challenge"]
[Site "http://www.queenalice.com/game.php?id=1211316"]
[Date "2013.8.25"]
[Round "-"]
[White "Enxadrista_A"]
[Black "Ana_Cris"]
[Result "1-0"]
[WhiteElo "1584"]
[BlackElo "1269"]

1. e4 d6 2. d4 Nc6 3. Nf3 Nf6 4. Bd3 Bg4 5. Be3 h6 6. O-O Qd7 7. c4 g6 8. Nc3 a6
9. h3 Be6 10. d5 Nb4 11. dxe6 fxe6 12. e5 Ng8 13. Bxg6+ Kd8 14. Qb3 a5 15. a3
Nd3 16. Bxd3 c5 17. Qb6+ Kc8 18. Be4 Ra6 19. Qb3 Ra7 20. Rfd1 Qe8 21. Nb5 Ra8
22. Nxd6+ exd6 23. Qxb7+ Kd8 24. Ng5 hxg5 25. Bxg5+ Ne7 26. Rxd6+ Qd7 27. Qxd7#
1-0

[Event "AUTO-INT-2711"]
[Site "http://www.queenalice.com/game.php?id=1211416"]
[Date "2013.8.25"]
[Round "1"]
[White "Enxadrista_A"]
[Black "lani"]
[Result "0-1"]
[WhiteElo "1618"]
[BlackElo "1758"]

1. e4 e5 2. Nf3 d6 3. Bc4 h6 4. O-O Nf6 5. Nc3 c6 6. d3 Be7 7. b4 b5 8. Bb3 a5
9. a3 axb4 10. Nb1 bxa3 11. Rxa3 Rxa3 12. Bxa3 Na6 13. Nbd2 Be6 14. Bxe6 fxe6
15. c3 c5 16. Qb3 Qd7 17. Rb1 b4 18. cxb4 cxb4 19. Bxb4 Nxb4 20. Qxb4 O-O 21. h3
Qc7 22. Qb3 d5 23. Qb2 dxe4 24. Nxe4 Nxe4 25. dxe4 Bd6 26. Rc1 Qa7 27. Rc6 Rd8
28. Nxe5 Qa4 29. Rc2 Bxe5 30. Qc1 Qxe4 31. Rc4 Qxc4 0-1

[Event "AUTO-INT-2711"]
[Site "http://www.queenalice.com/game.php?id=1211417"]
[Date "2013.8.25"]
[Round "1"]
[White "lani"]
[Black "Enxadrista_A"]
[Result "1-0"]
[WhiteElo "1768"]
[BlackElo "1608"]

1. e4 c5 2. Nc3 Nc6 3. Nf3 d6 4. h3 g6 5. d3 Bg7 6. Bd2 Nf6 7. Be2 O-O 8. Nd5
Nxd5 9. exd5 Nd4 10. c3 Nxe2 11. Qxe2 e6 12. dxe6 Bxe6 13. O-O Re8 14. Qd1 Bd5
15. Nh2 Bc6 16. Qc1 Qh4 17. b3 d5 18. Bf4 d4 19. Bg3 Qh5 20. c4 Qf5 21. Qd2 Re6
22. Rfe1 Rae8 23. Rxe6 Rxe6 24. Re1 Rxe1+ 25. Qxe1 Qxd3 26. Ng4 Qf5 27. f3 a6
28. Nf2 Qc2 29. Be5 Qxa2 30. Bxg7 Kxg7 31. Qe5+ Kg8 32. Qb8+ Kg7 33. Qe5+ Kf8
34. Qb8+ Ke7 35. Qc7+ 1-0

[Event "AUTO-INT-2711"]
[Site "http://www.queenalice.com/game.php?id=1211418"]
[Date "2013.8.25"]
[Round "1"]
[White "Enxadrista_A"]
[Black "cucalegal"]
[Result "0-1"]
[WhiteElo "1598"]
[BlackElo "1638"]

1. e4 e5 2. Nf3 d6 3. Bc4 Nf6 4. Nc3 h6 5. O-O a6 6. a3 b5 7. Bb3 Bb7 8. d3 c5
9. Re1 g5 10. g3 Bc6 11. Ba2 Qd7 12. Nd5 Bxd5 13. Bxd5 Ra7 14. Be3 Nxd5 15. exd5
Qg4 16. Nd2 Qxd1 17. Raxd1 Nd7 18. c4 bxc4 19. dxc4 f5 20. f4 Bg7 21. fxg5 hxg5
22. Bxg5 e4 23. b3 Bd4+ 24. Kg2 Ne5 25. Rf1 Rf7 26. b4 Rh5 27. h4 e3 28. Nf3 e2
29. Nxd4 exf1=Q+ 30. Rxf1 cxd4 31. c5 Kd7 32. c6+ Kc7 33. Rd1 d3 34. Bf4 Re7 35.
Kf2 Rh8 36. Ke3 Nc4+ 37. Kxd3 Nb2+ 38. Kd2 Nc4+ 39. Kc3 Ne3 40. Rd2 Ng4 41. Kb3
Rb8 42. a4 Nf6 0-1

[Event "AUTO-INT-2711"]
[Site "http://www.queenalice.com/game.php?id=1211419"]
[Date "2013.8.25"]
[Round "1"]
[White "cucalegal"]
[Black "Enxadrista_A"]
[Result "0-1"]
[WhiteElo "1624"]
[BlackElo "1587"]

1. e4 c5 2. c3 Nc6 3. Nf3 d6 4. Bb5 g6 5. h4 Bg4 6. Qb3 e6 7. Nh2 Qxh4 8. Bxc6+
bxc6 9. Qb7 Rd8 10. Qxc6+ Rd7 11. Qa4 f5 12. O-O Bg7 13. d3 g5 14. f4 Be2 15. g3
Qxg3+ 16. Kh1 Bxf1 17. Nxf1 Qf3+ 18. Kg1 g4 19. Qc2 h5 20. Qf2 Qxd3 21. exf5 h4
22. Be3 Nf6 23. Nbd2 Ne4 24. Nxe4 Qxe4 25. fxe6 Qxe6 26. Re1 Kd8 27. Bxc5 Qxa2
28. Bd4 Bxd4 29. Qxd4 Rg8 30. Qf6+ Kc7 31. Qxh4 Qxb2 32. Qg3 Rf7 33. Re4 Kd7 34.
Rd4 a5 35. Qxg4+ Rxg4+ 0-1

[Event "AUTO-INT-2717"]
[Site "http://www.queenalice.com/game.php?id=1215085"]
[Date "2013.9.7"]
[Round "1"]
[White "Enxadrista_A"]
[Black "Admilton"]
[Result "0-1"]
[WhiteElo "1655"]
[BlackElo "1571"]

1. e4 Nc6 2. d4 d5 3. e5 e6 4. Nf3 h6 5. c4 a6 6. a3 f6 7. Bd3 f5 8. O-O dxc4 9.
Bxc4 b5 10. Bb3 Na5 11. Ba2 c6 12. Nc3 Ne7 13. b4 Nb7 14. Nh4 g5 15. Qh5+ Kd7
16. Ng6 Rg8 17. Nxe7 Qxe7 18. g4 Qe8 19. Qh3 f4 20. Ne4 Bg7 21. Nf6+ Bxf6 22.
exf6 Qg6 23. Re1 Qxf6 24. Bxe6+ Kc7 25. Bxg8 Bd7 26. Bb3 Qxd4 27. Ra2 Re8 28.
Rxe8 Bxe8 29. Qxh6 Qd3 30. Qg7+ Bd7 31. Qxg5 Qxb3 32. Bxf4+ Nd6 33. Rd2 Qb1+ 34.
Kg2 Qe4+ 0-1

[Event "AUTO-INT-2717"]
[Site "http://www.queenalice.com/game.php?id=1215086"]
[Date "2013.9.7"]
[Round "1"]
[White "Admilton"]
[Black "Enxadrista_A"]
[Result "1-0"]
[WhiteElo "1590"]
[BlackElo "1636"]

1. Nf3 c5 2. d4 cxd4 3. Nxd4 Nf6 4. h3 g6 5. a3 Bg7 6. Bf4 e5 7. Bxe5 Qa5+ 8. c3
Qxe5 9. Nf3 Qe7 10. e3 O-O 11. Nd4 Nc6 12. Nd2 Nh5 13. Nxc6 dxc6 14. Be2 Nf6 15.
b4 Ne4 16. Nxe4 Qxe4 17. Bf3 Bxc3+ 18. Kf1 Qe7 19. Rc1 Bb2 20. Rb1 Bg7 21. g4
Be6 22. Qe2 Rad8 23. Kg2 f5 24. Rhd1 Rxd1 25. Rxd1 Rd8 26. Qc2 Rxd1 27. Qxd1 Qd7
28. Qc2 fxg4 29. Bxg4 Bxg4 30. hxg4 Qxg4+ 31. Kf1 Qh3+ 32. Ke1 Qh1+ 33. Ke2 Qh5+
34. Kd2 Qd5+ 35. Ke2 1-0

[Event "AUTO-INT-2717"]
[Site "http://www.queenalice.com/game.php?id=1215087"]
[Date "2013.9.7"]
[Round "1"]
[White "Enxadrista_A"]
[Black "dimitridruloza2012"]
[Result "0-1"]
[WhiteElo "1569"]
[BlackElo "1614"]

1. e4 e5 2. Nf3 Bc5 3. Bc4 Qh4 4. Nxh4 Nf6 5. O-O d6 6. Nc3 Nc6 7. Qf3 Bg4 8.
Qg3 O-O-O 9. h3 Be6 10. Bxe6+ fxe6 11. Qxg7 Nh5 12. Qg5 Nf4 13. Kh2 Rhg8 14. Qh6
Nd4 15. d3 Rd7 16. Bxf4 exf4 17. Qxf4 a6 18. e5 Kb8 19. Qe4 Rdg7 20. Rg1 d5 21.
Qf4 Nxc2 22. Rac1 Nb4 23. Rcd1 Nc6 24. Nf3 Bxf2 25. Rgf1 Bg3+ 26. Qxg3 Rxg3 27.
Rf2 R3g7 28. d4 Ne7 29. Nh4 Ka7 30. Ne2 c6 31. Nf4 Nc8 32. Nxe6 Re7 33. Nc5 Nb6
34. Nf5 Rf7 35. g4 Nc4 36. Kg3 Rg6 37. e6 Rf8 38. Re2 Re8 39. e7 Nd6 40. Nxd6
Rxd6 41. Rf1 b6 42. Rf8 bxc5 43. Rxe8 cxd4 44. Rd8 d3 0-1

[Event "AUTO-INT-2717"]
[Site "http://www.queenalice.com/game.php?id=1215088"]
[Date "2013.9.7"]
[Round "1"]
[White "dimitridruloza2012"]
[Black "Enxadrista_A"]
[Result "0-1"]
[WhiteElo "1602"]
[BlackElo "1641"]

1. e3 c5 2. Bc4 Nc6 3. Qf3 Nf6 4. Nh3 d5 5. Bb5 e5 6. Nc3 a6 7. Ba4 b5 8. Bxb5
axb5 9. Nxb5 Be7 10. a4 O-O 11. O-O e4 12. Qe2 Bxh3 13. gxh3 Qc8 14. h4 Qh3 15.
f3 Nh5 16. Kf2 Bxh4+ 17. Kg1 Ne5 18. fxe4 dxe4 19. Qg2 Nf3+ 20. Rxf3 Qxf3 21.
Qxf3 exf3 22. b3 f5 23. Bb2 f4 24. Nc7 Ra7 25. Ne6 fxe3 26. dxe3 Rc8 27. Rd1 Re7
28. Nf4 Nxf4 29. exf4 Re2 30. Rf1 f2+ 31. Kg2 Re1 32. Rxf2 Bxf2 33. Kxf2 Rce8
34. Kg3 R8e3+ 35. Kg4 Rg1+ 36. Kf5 Kf7 37. Bxg7 Rxg7 38. c4 Ke7 39. a5 Rf7+ 40.
Kg4 Kf6 41. f5 Ke5 42. a6 Rg7+ 43. Kh5 Rh3# 0-1